Riadenie nákladov pomocou metódy balanced scorecard

Metóda BSC ako kvalitatívny nástroj riadenia výkonnosti. Koncepcia balanced scorecard (BSC) ako nástroj implementácie stratégie, je vhodná predovšetkým pre rozklad vízie podniku cez strategické ciele, špecifické podnikové ukazovatele na ich meranie až po stanovenie opatrení na dosiahnutie vytýčených...

Descrizione completa

Salvato in:
Dettagli Bibliografici
Autore principale: Olexová, Cecília, 1976-
Natura: Capitolo di libro
Lingua:slovacco
Soggetti:
Tags: Aggiungi Tag
Nessun Tag, puoi essere il primo ad aggiungerne!!

MARC

LEADER 00000naa$a2200000$$$4500
001 0034106
005 20240502071443.6
041 0 |a slo 
044 |a SK 
245 1 0 |a Riadenie nákladov pomocou metódy balanced scorecard  |c Cecília Olexová 
520 |a Metóda BSC ako kvalitatívny nástroj riadenia výkonnosti. Koncepcia balanced scorecard (BSC) ako nástroj implementácie stratégie, je vhodná predovšetkým pre rozklad vízie podniku cez strategické ciele, špecifické podnikové ukazovatele na ich meranie až po stanovenie opatrení na dosiahnutie vytýčených cieľov. Formulovanie vízie a jej rozklad na strategické ciele a merateľné kritériá pre všetky oblasti BSC - uvedené na príklade výrobného podniku. 
610 2 0 |a metóda BSC 
610 2 0 |a systém riadenia nákladov 
610 2 0 |a nástroje riadenia 
610 2 0 |a výkonnosť 
610 2 0 |a stratégia podniková 
610 2 0 |a ciele podnikové 
610 2 0 |a podnik výrobný 
100 1 |a Olexová, Cecília, 1976-